Mistrzowie Premier League (od 1992) - Statystyki

Ogólne statystyki
  • Ten quiz został rozwiązany 96 razy
  • Średni wynik to 32 z 33
Statystyki odpowiedzi
Rok Zwycięzca % Poprawnych
1997/98 Arsenal
100%
2001/02 Arsenal
100%
2003/04 Arsenal
100%
2019/20 Liverpool
100%
2024/25 Liverpool
100%
2011/12 Manchester City
100%
2013/14 Manchester City
100%
2017/18 Manchester City
100%
2018/19 Manchester City
100%
2020/21 Manchester City
100%
2021/22 Manchester City
100%
2022/23 Manchester City
100%
2023/24 Manchester City
100%
1992/93 Manchester United
100%
1993/94 Manchester United
100%
1995/96 Manchester United
100%
1996/97 Manchester United
100%
1998/99 Manchester United
100%
1999/2000 Manchester United
100%
2000/01 Manchester United
100%
2002/03 Manchester United
100%
2006/07 Manchester United
100%
2007/08 Manchester United
100%
2008/09 Manchester United
100%
2010/11 Manchester United
100%
2012/13 Manchester United
100%
2004/05 Chelsea
97%
2005/06 Chelsea
97%
2009/10 Chelsea
97%
2014/15 Chelsea
97%
2016/17 Chelsea
97%
2015/16 Leicester City
92%
1994/95 Blackburn Rovers
60%
Nie znaleziono quizów pasujących do podanych kryteriów
Rozkład punktacji
Procent ludzi z każdym wynikiem
Percentyl według liczby udzielonych odpowiedzi
Twoja historia wyników
Nie rozwiązałeś tego quizu